=LDR 00000nam 2200000 4500 =001 INLIS000000000044745 =005 20131008110646 =008 ***********************************Ind** =035 ##$$0010-101300000002667 =041 ##$$a Ind =082 ##$$a 728.3 =090 ##$$a 728.3, Fac f =100 ##$$a bernadetta tungga Aditya =245 ##$$a Facade design, Bernadetta Tungga Aditya (et al) ; Aditor, johanna Erly Widyartanti =260 ##$$a 2010 $b Jakarta =300 ##$$a 128 Hlm., 21 Cm =700 ##$$a Aditya Bernadetta Tungga, Widyartanti, Johanna erly =850 ##$$a NNT-CD